| 000 | 01008cam a2200313 i 4500 | ||
|---|---|---|---|
| 001 | 010028480 | ||
| 003 | EG-ScBUE | ||
| 005 | 20250616122600.0 | ||
| 008 | 970530t1997 nyua f b 001 0 eng d | ||
| 020 | _a0070297223 | ||
| 020 | _a9780071143202 | ||
| 040 |
_aDLC _beng _erda _cDLC _dUk _dEG-ScBUE |
||
| 082 | 0 | 4 |
_a536.2 _222 _bHOL |
| 100 | 1 |
_aHolman, J. P. _q(Jack Philip), _d1934- _eauthor. _934963 |
|
| 245 | 1 | 0 |
_aHeat transfer / _cJ. P. Holman, professor of mechanical engineering, Southern Methodist University. |
| 250 | _aEighth edition. | ||
| 264 | 1 |
_aNew York : _bMcGraw-Hill, _c[1997] |
|
| 264 | 4 | _cc1997 | |
| 300 |
_axviii, 696 pages : _billustrations ; _c24 cm |
||
| 336 |
_2rdacontent _atext _btxt |
||
| 337 |
_aunmediated _2rdamedia _bn |
||
| 338 |
_avolume _bnc _2rdacarrier |
||
| 504 | _aIncludes bibliographical references and index. | ||
| 650 | 7 |
_aHeat _xTransmission. _2BUEsh _93121 |
|
| 651 | _2BUEsh | ||
| 653 |
_bGGEN _bENGGEN _cMarch2018 |
||
| 655 | _vReading book | ||
| 942 |
_2ddc _cBB |
||
| 999 |
_c26357 _d26329 |
||